000 00304nam a22001337a 4500
008 170222b xxu||||| |||| 00| 0 eng d
020 _a56176
041 _aeng
080 _22ND
_a616.31
100 _a5
101 _aSHS
245 _aDIFFERENTIAL DIAGNOSIS OF ORAL LESSONS
_cWOOD, N.K
942 _2udc
_cBK
999 _c6050
_d6050